000 00463nam a2200145Ia 4500
008 151213s9999 xx 000 0 und d
100 _aJohn E.Readence / Dione M. Barone
245 _aEnvisioning The Future of Literacy
_cJohn E.Readence / Dione M. Barone
260 _aNew York
_bInternational Reading Association
300 _a6504 p.
650 _aEnglish Language
650 _aEnglish Language
700 _aJohn E.Readence / Dione M. Barone
999 _c3594
_d3594